ბათუმის შოთა რუსთაველის სახელმწიფო უნივერსიტეტის ბიბლიოთეკა

International Legal English (ბიბ.ჩანაწერი № 49478)

000 -LEADER
fixed length control field 00720nam a2200277Ia 4500
001 - CONTROL NUMBER
control field 16402
003 - CONTROL NUMBER IDENTIFIER
control field GE_BSU
008 - FIXED-LENGTH DATA ELEMENTS--GENERAL INFORMATION
fixed length control field 181216s||||||||xx |||||||||||||| ||und||
020 ## - INTERNATIONAL STANDARD BOOK NUMBER
International Standard Book Number 9780521279451
040 ## - CATALOGING SOURCE
Transcribing agency GE_BSU
080 ## - UNIVERSAL DECIMAL CLASSIFICATION NUMBER
Universal Decimal Classification number 811.111+34
100 ## - MAIN ENTRY--PERSONAL NAME
Personal name Lindner , Amy Krois
245 ## - TITLE STATEMENT
Title International Legal English
245 #2 - TITLE STATEMENT
Remainder of title A Course for Classroom Or Self-study Use
250 ## - EDITION STATEMENT
Edition statement Second edition
260 ## - PUBLICATION, DISTRIBUTION, ETC.
Place of publication, distribution, etc. Cambridge
260 ## - PUBLICATION, DISTRIBUTION, ETC.
Name of publisher, distributor, etc. Cambridge University Press
260 ## - PUBLICATION, DISTRIBUTION, ETC.
Date of publication, distribution, etc. 2015
300 ## - PHYSICAL DESCRIPTION
Extent 337p;26cm.
300 ## - PHYSICAL DESCRIPTION
Other physical details +2CD.
653 ## - INDEX TERM--UNCONTROLLED
Uncontrolled term Cambridge professional English
653 ## - INDEX TERM--UNCONTROLLED
Uncontrolled term International Legal English
653 ## - INDEX TERM--UNCONTROLLED
Uncontrolled term ინგლისური ენა
942 ## - ADDED ENTRY ELEMENTS (KOHA)
Koha item type წიგნი
ეგზემპლარები
Withdrawn status Lost status Damaged status Not for loan Date acquired Barcode Date last seen Price effective from Koha item type
        2018-12-17 41141 2018-12-17 2018-12-17 წიგნი